00899 2200325 4500001002100000005001500021035002000036007000300056040001700059100002700076245006800103250001300171300003700184504002700221020002200248041000800270082001000278084001600288090002100304264002900325336002100354337003000375338002300405650001400428700004400442850001000486008004100496990001800537990001800555INLIS00000000000864020260518014900 a0010-1022000015ta aSBPUPADbind0 aJoanne GrayePengarang1 aEsensial Kebidanan /cJoanne Gray; pengarang ke-2, Rachel Smith a.-Cet. 1 aviii, 74 hlm :bilus. ;c15,5 cm aBlibiografi, hlm 72-74 a978-979-044-124-807aind a618.2 a618.2 JOA e a618.2 JOA e 18-5 a.--Jakarta :bEGC,c2010 2rdacontentateks 2rdamediaatanpa perantara 2rdacarrieravolume 4aKebidanan0 apengarang ke-2, Rachel SmithePengarang aPUPAD260518 0  a17332/Br-2012 a17331/Br-2012